U.S. States on a Map - Sudden Death - Statistics

General Stats
  • This quiz has been taken 1,127 times
  • The average score is 30 of 50
Answers on the Map
Answers color-coded by a green-red scale on the quiz's map according to % correct below.
 
Answer Stats
State % Correct
Washington
98%
California
95%
Oregon
94%
Nevada
90%
Arizona
84%
New Mexico
84%
Colorado
78%
Utah
78%
Idaho
77%
Montana
76%
North Dakota
74%
South Dakota
73%
Wyoming
73%
Minnesota
69%
Iowa
64%
Nebraska
63%
Kansas
62%
Texas
62%
Louisiana
61%
Oklahoma
61%
Missouri
60%
Arkansas
59%
Florida
58%
Georgia
57%
Mississippi
57%
North Carolina
57%
South Carolina
57%
Alabama
56%
Kentucky
56%
Tennessee
56%
Illinois
54%
Michigan
53%
Indiana
52%
Ohio
52%
Wisconsin
52%
Virginia
51%
Maryland
49%
Pennsylvania
49%
West Virginia
49%
Delaware
48%
New Jersey
48%
New York
48%
Connecticut
45%
Massachusetts
45%
Rhode Island
45%
Alaska
44%
Hawaii
44%
Maine
44%
New Hampshire
44%
Vermont
44%
No matching quizzes found
Score Distribution
Percent of People with Each Score
Percentile by Number Answered
Your Score History
You have not taken this quiz